Blogy jako účinný marketingový nástroj
Charakteristika blogov. Základ úspešnosti blogov - zrozumiteľný text. Blogy v obchode a v marketingu. Blogy ako účinný nástroj firemnej komunikácie. Využitie blogov v public relations a na podporu predaja. Odkaz na webové adresy blogov.
Salvato in:
| Autore principale: | |
|---|---|
| Natura: | Capitolo di libro |
| Lingua: | ceco |
| Soggetti: | |
| Tags: |
Nessun Tag, puoi essere il primo ad aggiungerne!!
|
MARC
| LEADER | 00000naa$a2200000$$$4500 | ||
|---|---|---|---|
| 001 | 0037649 | ||
| 005 | 20231018124939.3 | ||
| 041 | 0 | |a cze | |
| 044 | |a CZ | ||
| 245 | 1 | 0 | |a Blogy jako účinný marketingový nástroj |c Jiří Hynek |
| 520 | |a Charakteristika blogov. Základ úspešnosti blogov - zrozumiteľný text. Blogy v obchode a v marketingu. Blogy ako účinný nástroj firemnej komunikácie. Využitie blogov v public relations a na podporu predaja. Odkaz na webové adresy blogov. | ||
| 610 | 2 | 0 | |a technológie informačné |
| 610 | 2 | 0 | |a technológie komunikačné |
| 610 | 2 | 0 | |a internet |
| 610 | 2 | 0 | |a firmy |
| 610 | 2 | 0 | |a marketing |
| 610 | 2 | 0 | |a nástroje marketingové |
| 610 | 2 | 0 | |a komunikácia firemná |
| 100 | 1 | |a Hynek, Jiří | |